00553nam a2200181 450000500170000000700040001700800040002104000090002505000230003410000240005724501030008126000410018430000230022550000190024865000380026765000410030570000250034620150508155115.0000000 aUOEL aQA273.45bC49 1970 aChapman, Douglas G. aElementary probability models and statistical inference /cDouglas G. Chapman, Ronald A. Schaufele aWaltham ;bGinn - Blasdell ,cc1970. axix, 358 p. bill. aIncludes index aProbability - modelsxMathematics aStatistical - inferencexMathematics aSchaufele, Ronald A.